| 000 | 00491nam a22001577a 4500 | ||
|---|---|---|---|
| 999 |
_c7866 _d7866 |
||
| 003 | OSt | ||
| 005 | 20200527125435.0 | ||
| 008 | 200527b ||||| |||| 00| 0 eng d | ||
| 020 | _a9781941806296 | ||
| 082 |
_a378.74811 _bWEL |
||
| 100 | _a Weller, Richard | ||
| 245 |
_aTransects/ _b100 years of landscape architecture and regional planning at the School of Design of the University of Pennsylvania |
||
| 250 | _a 1st ed. | ||
| 260 |
_aChina _bApplied Research & Design _c2014 |
||
| 942 | _2ddc | ||